000 00729nam a2200193 a 4500
008 191127s2015 ||||||||||||||||| || u
020 _a9780323340373
050 _aRE 711 Mid
100 _aMidyett, F. Allan
245 1 0 _aOrbital imaging
_cBy F. Allan Midyett ; Suresh K. Mukherji
260 _aPhiladelphia
_bElsevier Saunders
_c2015
300 _avii, 263 pages : illustrations
350 _a79.99
650 _aORBITAL DISEASES--DIAGNOSIS
650 0 _aDIAGNOSTIC IMAGING
650 _aORBIT--INJURIES
700 _aMukherji, Suresh K
995 _aMEDICAL LIBRARY OPEN ACCESS
_e904510
_FCBU-SCHOOL OF MEDICINE LIBRARY (Ndola)
_I79.99
_jRE 711 Mid
_M1
_UAVAILABLE
_WDec 13, 2019
_y904510
_ZMedical Library Open Access Collection
999 _c32273
_d32273